[Event "1st 4NCL International Open"]
[Site "Telford"]
[Date "2018.11.04"]
[Round "9"]
[White "Fodor, Tamas Jr."]
[Black "Korneev, Oleg"]
[Result "1/2-1/2"]
[WhiteElo "2520"]
[BlackElo "2560"]
[Annotator "TA"]
[PlyCount "46"]
[EventDate "2018.10.31"]
[EventType "swiss"]
[EventCountry "GBR"]
[SourceTitle "playchess.com"]
[Source "ChessBase"]
[SourceQuality "1"]

{[%evp 28,29,1,0]} 1. d4 d5 2. c4 e6 3. Nc3 Nf6 4. Bg5 Be7 5. Nf3 h6 6. Bh4 O-O 7. e3 Ne4 8. Bxe7 Qxe7 9. Rc1 c6 10. Bd3 Nxc3 11. Rxc3 Nd7 12. O-O {D56: Damengambit (Moderne Lasker-Verteidigung)} e5 13. dxe5 dxc4 14. Bxc4 Nxe5 15. Nxe5 {[#] LiveBook: 56 Partien} {Vorgänger:} Qxe5 $146 16. Qc2 Bf5 17. Bd3 Bxd3 18. Rxd3 Rad8 19. Rfd1 Rxd3 20. Rxd3 Qa5 21. h3 Qxa2 22. Ra3 Qd5 23. Rxa7 c5 {½-½ (31) Wojtaszek,R (2721)-Alekseev,E (2673) Lublin 2011} 1/2-1/2

[Event "1st 4NCL International Open"]
[Site "Telford"]
[Date "2018.11.04"]
[Round "9"]
[White "Arkell, Keith C"]
[Black "Rahul Srivatshav P"]
[Result "1-0"]
[WhiteElo "2436"]
[BlackElo "2395"]
[Annotator "RC"]
[PlyCount "100"]
[EventDate "2018.10.31"]
[EventType "swiss"]
[EventCountry "GBR"]
[SourceTitle "playchess.com"]
[Source "ChessBase"]
[SourceQuality "1"]
[TimeControl "5400+30"]

1. d4 {[%emt 0:10:28]} Nf6 {[%emt 0:00:00]} 2. Nf3 {[%emt 0:00:03]} g6 {[%emt 0:00:00]} 3. c4 {[%emt 0:00:06]} Bg7 {[%emt 0:00:00]} 4. g3 {[%emt 0:00:04]} O-O {[%emt 0:00:00]} 5. Bg2 {[%emt 0:00:03]} d6 {[%emt 0:00:05]} 6. O-O {[%emt 0:00:04]} Nc6 {[%emt 0:00:18]} 7. Nc3 {[%emt 0:00:10]} a6 {[%emt 0:00:07]} 8. h3 {[%emt 0:01:11]} Bd7 {[%emt 0:00:30]} 9. e4 {[%emt 0:00:30]} e5 {[%emt 0:00:30]} 10. Be3 {[%emt 0:00:30]} Re8 {[%emt 0:00:30]} 11. d5 {[%emt 0:00:30]} Na5 {[%emt 0:00:30]} 12. Nd2 {[%emt 0:00:30]} b5 {[%emt 0:00:30]} 13. c5 {[%emt 0:00:30]} dxc5 {[%emt 0:00:30]} 14. Bxc5 {[%emt 0:00:30]} Nb7 {[%emt 0:00:30]} 15. Be3 {[%emt 0:00:30]} c6 {[%emt 0:00:30]} 16. a3 {[%emt 0:00:30]} Rc8 {[%emt 0:00:30]} 17. Qe2 {[%emt 0:00:30]} Nd6 {[%emt 0:00:30]} 18. dxc6 {[%emt 0:00:30]} Bxc6 {[%emt 0:00:30]} 19. Rfd1 {[%emt 0:00:30]} Qc7 {[%emt 0:00:30]} 20. Rac1 {[%emt 0:00:30]} Qb8 {[%emt 0:00:30]} 21. b4 {[%emt 0:00:30]} h6 {[%emt 0:00:30]} 22. Bc5 {[%emt 0:00:30]} Nb7 {[%emt 0:00:30]} 23. Nb3 {[%emt 0:00:30]} Nxc5 {[%emt 0:00:30]} 24. Nxc5 {[%emt 0:00:30]} Bf8 {[%emt 0:00:30]} 25. Nd5 {[%emt 0:00:30]} Bxd5 {[%emt 0:00:30]} 26. exd5 {[%emt 0:00:30]} Kg7 {[%emt 0:00:30]} 27. Nxa6 {[%emt 0:00:30]} Qb6 {[%emt 1:08:54]} 28. Rxc8 {[%emt 0:37:57]} Rxc8 {[%emt 0:00:16]} 29. Nc5 {[%emt 0:00:10]} Bxc5 {[%emt 0:03:44]} 30. bxc5 {[%emt 0:00:05]} Qxc5 {[%emt 0:00:04]} 31. Qxe5 {[%emt 0:00:16]} Ra8 {[%emt 0:00:30]} 32. Qb2 {[%emt 0:00:30]} Qxa3 {[%emt 0:00:30]} 33. Qxb5 {[%emt 0:00:30]} Rc8 {[%emt 0:00:30]} 34. d6 {[%emt 0:00:30]} Rc1 {[%emt 0:00:30]} 35. Qf1 {[%emt 0:00:30]} Rxd1 {[%emt 0:00:30]} 36. Qxd1 {[%emt 0:00:30]} Nd7 {[%emt 0:00:30]} 37. Qd4+ {[%emt 0:00:30]} Kg8 {[%emt 0:00:30]} 38. h4 {[%emt 0:00:30]} Qa5 {[%emt 0:00:30]} 39. Bf3 {[%emt 0:00:30]} Qc5 {[%emt 0:00:30]} 40. Qd2 {[%emt 0:00:30]} h5 {[%emt 0:00:30]} 41. Bd1 {[%emt 0:00:30]} Kh7 {[%emt 0:00:30]} 42. Qf4 {[%emt 0:00:30]} Qd5 {[%emt 0:00:30]} 43. Bf3 {[%emt 0:00:30]} Qe6 {[%emt 0:00:30]} 44. Qd4 {[%emt 0:00:30]} Kg8 {[%emt 0:00:30]} 45. Bd5 {[%emt 0:00:30]} Qg4 {[%emt 0:00:30]} 46. Qd2 {[%emt 0:00:30]} Ne5 {[%emt 0:00:30]} 47. Kg2 {[%emt 0:00:30]} Qd7 {[%emt 0:00:30]} 48. Qb4 {[%emt 0:00:30]} Qf5 {[%emt 0:00:30]} 49. Qd4 {[%emt 0:00:30]} Nd7 {[%emt 0:00:30]} 50. Bc6 {[%emt 0:00:30]} Ne5 {[%emt 0:00:30]} 1-0

[Event "1st 4NCL International Open"]
[Site "Telford"]
[Date "2018.11.04"]
[Round "9"]
[White "Hebden, Mark L"]
[Black "Fernandez, Daniel Howard"]
[Result "0-1"]
[WhiteElo "2426"]
[BlackElo "2461"]
[Annotator "TA"]
[PlyCount "90"]
[EventDate "2018.10.31"]
[EventType "swiss"]
[EventCountry "GBR"]
[SourceTitle "playchess.com"]
[Source "ChessBase"]
[SourceQuality "1"]

{[%evp 12,90,44,39,45,45,39,38,50,29,56,51,71,12,11,5,24,7,60,54,62,45,50,38,27,28,39,31,38,38,39,25,43,39,36,8,19,26,26,28,26,16,15,21,78,68,58,71,91,118,116,125,128,79,184,182,283,281,277,274,272,75,141,125,281,281,281,0,287,287,350,352,332,324,327,-614,-591,-638,-630,-589,-589]} 1. d4 g6 2. e4 Bg7 3. Nf3 d6 {[%cal Bd7d6,Bd6d5][%mdl 32]} 4. Bc4 e6 5. c3 Ne7 6. Nbd2 {B06: Modern Defence} d5 7. Bd3 {LiveBook: 8 Games} b6 8. O-O {White is slightly better.} O-O 9. Re1 c5 10. e5 Ba6 11. Bc2 $146 ({Predecessor:} 11. Bb1 Nd7 12. Nf1 Bxf1 13. Kxf1 {0-1 (75) Vila Gazquez,X (2454)-Granda Zuniga,J (2657) La Massana 2012}) 11... Nbc6 12. Nf1 (12. Nb3 $16) 12... cxd4 $11 13. cxd4 Rc8 14. Ne3 Nf5 ({Black should play} 14... f6 $11) 15. Nxf5 $14 exf5 16. Bg5 Qd7 17. Qd2 Nd8 18. Bxd8 Rfxd8 19. Rac1 Bb5 20. h4 Rc7 21. a4 Ba6 22. Ng5 {e6 is the strong threat.} Bh6 23. f4 {White wants to play e6.} Re8 24. Bb3 {Strongly threatening Rxc7.} Rxc1 25. Rxc1 Rc8 26. Re1 Bc4 27. Bd1 Qe7 (27... Ba2 $11 {remains equal.}) 28. b3 Ba6 29. Bf3 Bb7 30. e6 f6 31. Nf7 Bf8 32. h5 $1 Qb4 (32... Qc7 $16) 33. Qf2 $18 Re8 (33... Rc7 $142 34. Kh1 Re7) 34. hxg6 hxg6 35. Qg3 $1 {[%cal Rg3g6]} Bg7 36. Rc1 $2 (36. Rd1 $1 $18 {is the precise move to win.} g5 37. fxg5 fxg5 38. Nxg5 Bxd4+ 39. Kh1) 36... Rxe6 {[#]} ({Black should try} 36... Qxd4+ 37. Kh1 Re7) 37. Nd8 $1 $36 {[%cal Rd8e6][%mdl 2048] White is really pushing.} Qxd4+ $2 (37... Re7 $16) 38. Kh2 $18 Re7 {Threatening ...Kh7.} 39. Nxb7 $2 (39. Rd1 $18 Qb4 40. Nxb7) 39... Kh7 $2 {[%mdl 8192]} ({Not} 39... Rxb7 $2 40. Rd1 $18) (39... Bf8 $1 $11 40. Qxg6+ Rg7 41. Qxf5 Rh7+ 42. Kg3 Rg7+ 43. Kh3 Rh7+ 44. Kg4 Rg7+ 45. Kh3 Rh7+ 46. Kg4 Rg7+ 47. Kh5 (47. Kh3 Rh7+ $11) 47... Rh7+ 48. Kg4) 40. Rd1 Qb4 {[#]} 41. Nd8 $1 {[%cal Rd8c6]} ({Weaker is} 41. Rxd5 Bh6 $16) 41... Bh6 42. Nc6 Qd6 43. Nxe7 $4 {[%mdl 8192]} (43. Bxd5 $18 Qc7 44. Kg1) 43... Bxf4 $19 {Black is clearly winning.} 44. Qxf4 Qxf4+ 45. Kh1 Qh6+ {Precision: White = 69%, Black = 44%.} 0-1

[Event "1st 4NCL International Open"]
[Site "Telford"]
[Date "2018.11.04"]
[Round "9"]
[White "Pert, Richard G"]
[Black "Dgebuadze, Alexandre"]
[Result "1/2-1/2"]
[WhiteElo "2408"]
[BlackElo "2484"]
[Annotator "TA"]
[PlyCount "104"]
[EventDate "2018.10.31"]
[EventType "swiss"]
[EventCountry "GBR"]
[SourceTitle "playchess.com"]
[Source "ChessBase"]
[SourceQuality "1"]

{[%evp 16,104,2,4,25,0,0,-48,-40,-43,-22,-12,0,-10,0,-33,-33,-33,-37,-31,-18,-16,38,31,32,31,41,22,41,50,43,46,44,52,44,56,41,41,106,59,56,53,55,58,62,31,56,57,69,54,297,261,283,295,565,561,537,337,610,623,705,678,1185,1172,1097,598,602,611,609,596,580,573,731,664,1337,1199,1033,882,858,722,12833,12833,12833,12833,12845,0,0,0,0,0,0]} 1. d4 Nf6 2. Nf3 e6 3. Bf4 c5 4. e3 Nc6 5. Nbd2 d5 6. c3 Nh5 7. Bg5 {D02: 1 d4 d5 2 Nf3 sidelines, including 2...Nf6 3 g3 and 2...Nf6 3 Bf4} Qb6 8. Rb1 h6 9. Bh4 {LiveBook: 18 Games} cxd4 10. cxd4 (10. exd4 {is interesting.} Bd7 11. Ne5 Nxe5 12. dxe5 g6 13. Be2) 10... g5 11. Bg3 Nxg3 $146 ({Predecessor:} 11... g4 12. Ne5 Nxg3 13. hxg3 Nxe5 14. dxe5 h5 {½-½ (30) Artemiev,V (2701)-Adhiban,B (2661) Sharjah 2018}) 12. hxg3 Bg7 13. Be2 Bd7 14. b4 a6 15. a3 g4 16. Nh4 h5 17. Nb3 Ne7 18. Nc5 Bb5 (18... Nc8 $11) 19. O-O $14 Bxe2 20. Qxe2 Qb5 21. Qd1 b6 22. a4 Qc4 23. Qd2 bxc5 24. Rfc1 cxd4 25. Rxc4 dxc4 26. exd4 Nd5 (26... Rc8 $14) 27. Qc2 c3 {[#]} 28. Ng6 $1 $36 {[%mdl 2560] Black is under pressure.} fxg6 29. Qxg6+ Kf8 {...Rh6 is the strong threat.} 30. Qxe6 Rd8 31. Qf5+ {[%mdl 1024] White has compensation.} Bf6 32. b5 a5 $2 (32... Kf7 $1 $14) 33. b6 $18 Kg7 34. b7 Ne7 $2 (34... Rhe8 35. Qxh5 c2 36. Qxg4+ Kh6 37. Qh3+ Kg6) 35. Qc5 Nd5 36. Re1 c2 $2 (36... Rhf8 37. Rc1 Kh6) 37. Qxc2 Bxd4 38. Qf5 Nf6 39. Re7+ Kh6 40. b8=Q Rxb8 41. Qf4+ Kg6 42. Qxd4 Rhd8 43. Qa1 Rb4 44. Kh2 h4 45. gxh4 g3+ 46. Kxg3 Rdd4 47. Qc1 {[%csl Gh4][%cal Rc1g5] [#]} Rxh4 48. Qc2+ Kh6 49. f3 Rxa4 50. Qf5 $2 (50. Re6 $18 Rhf4 51. Qc5) 50... Nh5+ $1 $11 {The position is equal.} 51. Kf2 {[%csl Gf5][%cal Re7h7]} Ra2+ 52. Ke3 $1 {[%csl Gf5][%cal Re7h7]} Re2+ $1 {Precision: White = 66%, Black = 36%.} 1/2-1/2

[Event "1st 4NCL International Open"]
[Site "Telford"]
[Date "2018.11.04"]
[Round "9"]
[White "Roberson, Peter T"]
[Black "Gonda, Laszlo"]
[Result "1/2-1/2"]
[WhiteElo "2396"]
[BlackElo "2528"]
[Annotator "TA"]
[PlyCount "75"]
[EventDate "2018.10.31"]
[EventType "swiss"]
[EventCountry "GBR"]
[SourceTitle "playchess.com"]
[Source "ChessBase"]
[SourceQuality "1"]

{[%evp 29,75,38,50,12,11,0,0,-20,0,0,25,24,21,0,25,0,0,-235,-238,-224,0,0,0,0,0,0,0,0,0,0,0,0,0,0,0,0,0,0,0,0,0,0,0,0,0,0,0,0]} 1. e4 e5 2. Nf3 Nc6 3. Bb5 a6 4. Ba4 Nf6 5. O-O Be7 6. Re1 b5 7. Bb3 d6 8. c3 O-O 9. h3 Na5 10. Bc2 c5 11. d4 Qc7 12. Nbd2 Re8 13. Nf1 g6 14. b3 Bf8 15. d5 Bd7 {LiveBook: 3 Partien} 16. g4 {C97: Spanische Partie (Abweichungen vom Tschigorin-System/Panow-Variante)} (16. Be3 c4 17. b4 Nb7 18. Qd2 a5 19. a3 Ra6 20. Kh2 Rea8 21. Rac1 axb4 22. axb4 Ra2 23. Qd1 Bg7 {0-1 (35) Inarkiev,E (2645)-Eljanov,P (2729) Khanty-Mansiysk 2009}) 16... h5 17. N3h2 hxg4 $146 ({Vorgänger:} 17... Bg7 18. Qf3 c4 19. Kh1 Nb7 20. b4 a5 21. Ng3 h4 22. Nf5 gxf5 23. gxf5 Kh8 24. Ng4 Rg8 25. Nxf6 {1-0 (25) Arat,U (2053)-Ozen,B (1751) Konya 2011}) 18. hxg4 Nh7 19. Ng3 Be7 20. Kg2 Qd8 21. Rh1 Bg5 22. Nf3 Bxg4 23. Nxg5 $2 (23. Rxh7 $1 $11 {und Weiss ist OK.} Bxc1 24. Qh1) 23... Bxd1 $19 24. Nxh7 {[#]} Bxc2 $2 (24... f6 $1 $19 25. Bxd1 Ra7 26. Nxf6+ Qxf6) 25. Bg5 $11 {Die Stellung ist ausgeglichen.} Kg7 {Weiss muss nun ...f6! beachten.} 26. Bxd8 Raxd8 27. Kf3 f6 $1 28. Rag1 $1 {[#] Droht stark Sh5+.} Kf7 29. Rh6 {Droht Sh5! und aus.} Rg8 30. Ke3 c4 31. b4 Nb7 32. Nh5 gxh5 33. Rxf6+ Ke7 34. Re6+ Kf7 35. Ng5+ Kf8 $1 {...Td7 ist eine echte Drohung.} 36. Nh7+ Kf7 37. Ng5+ Kf8 $1 {Und weiter mit ...Td7 wäre nett.} 38. Nh7+ {Precision: Weiß = 69%, Schwarz = 74%.} 1/2-1/2

[Event "1st 4NCL International Open"]
[Site "Telford"]
[Date "2018.11.04"]
[Round "9"]
[White "Gourlay, Iain"]
[Black "Willow, Jonah B"]
[Result "1-0"]
[WhiteElo "2358"]
[BlackElo "2271"]
[Annotator "TA"]
[PlyCount "95"]
[EventDate "2018.10.31"]
[EventType "swiss"]
[EventCountry "GBR"]
[SourceTitle "playchess.com"]
[Source "ChessBase"]
[SourceQuality "1"]

{[%evp 18,95,-2,-11,22,6,10,2,9,-27,91,94,88,55,116,87,121,81,55,52,56,52,80,50,67,38,31,30,31,37,39,37,34,44,52,42,118,56,106,108,98,103,139,124,127,126,376,376,376,316,302,274,265,274,257,235,230,0,164,120,114,116,106,94,141,141,221,199,439,433,508,479,776,756,685,682,470,70,29981,29982]} 1. c4 c5 2. g3 g6 3. Bg2 Bg7 4. Nc3 Nc6 5. a3 e6 6. Rb1 Nge7 7. e4 O-O 8. Nge2 d6 9. O-O b6 {A36: Symmetrical English vs ...g6: 4 Bg2 Bg7} 10. d3 {LiveBook: 87 Games} Bd7 (10... Bb7 11. b4 Nd4 12. Be3 Qd7 13. Qd2 Nxe2+ 14. Nxe2 cxb4 15. axb4 d5 16. Qa2 Rfd8 17. Rfc1 Nc6 18. Bg5 Re8 19. cxd5 exd5 20. exd5 Ne7 21. Nf4 {½-½ (71) Gordievsky,D (2622)-Krasenkow,M (2671) Wijk aan Zee 2018}) 11. b3 $146 ({Predecessor:} 11. b4 Rb8 12. Bd2 h6 13. Qc2 Kh7 14. f4 Nd4 15. Nxd4 cxd4 16. Nb5 Nc8 17. a4 {0-1 (35) Herrmann,M (2005)-Spacek,P (2396) Bayern 2005}) 11... Nd4 {The position is equal.} 12. Nxd4 cxd4 13. Ne2 d5 (13... e5 $11) 14. exd5 $16 exd5 15. Bb2 Nf5 ({Black should try} 15... dxc4 $14 16. dxc4 (16. Bxd4 cxd3 17. Qxd3 Bf5 $11) 16... Bg4) 16. Nf4 Ne7 17. b4 {[%cal Bb3b4,Bb4b5][%mdl 32]} Bc6 18. b5 Bb7 19. a4 Qc7 20. Ba3 {[%cal Rg2d5]} dxc4 {aiming for ...c3.} 21. Bxe7 Qxe7 22. Re1 Qd7 {Strongly threatening ...c3.} 23. Bxb7 Qxb7 24. dxc4 Rfe8 25. Qd3 Qd7 26. Nd5 Qd6 (26... Rxe1+ $14 27. Rxe1 Re8) 27. Re4 (27. a5 $16) 27... f5 28. Re2 Rxe2 29. Qxe2 Qa3 30. Re1 d3 31. Qe3 Qb3 $2 (31... Kh8 $16 {was called for.}) 32. Qe6+ $18 Kh8 {White must now prevent ...d2.} 33. Qf7 $1 {Re8+ would kill now.} Qa3 ({But not} 33... Rf8 $2 34. Re8 $18) 34. Re7 {[%csl Ge7][%cal Rf7g7]} Rg8 {Threatens to win with ...d2.} 35. Kg2 {White threatens Nf6 and mate.} Qd6 36. Rd7 Qe5 {...Qe4+ would now be nice for Black.} 37. Re7 $40 {[%mdl 128] White attacks.} Qd6 {intending ...d2.} 38. Re8 Rxe8 39. Qxe8+ Bf8 40. Qf7 Qd8 41. Kf3 Bg7 (41... Qb8 $16 {might work better.}) 42. Ke3 Bd4+ $2 (42... Qf8 43. Qxf8+ (43. Qxa7 Qc5+ 44. Kf3 Bd4 $14) 43... Bxf8) 43. Kxd3 Bxf2 44. Qxa7 Qg5 (44... Qd6 $142 45. a5 Qa3+ 46. Nc3 Qd6+ 47. Kc2 Be1 48. Qa8+ Kg7) 45. Qb8+ Kg7 46. Qe5+ Kf7 {[#]} 47. Qf4 $2 (47. a5 $1 $18 {[%mdl 512] a6 is the strong threat.} bxa5 {[#]} 48. c5 $1 {[%mdl 512]} Bxc5 49. Qc7+ Ke8 50. Qxc5) 47... Qh5 $2 {[%mdl 8192]} (47... Qxf4 $14 48. Nxf4 (48. gxf4 Ke6 $14) 48... Ke7) 48. Qc7+ {Precision: White = 55%, Black = 31%.} 1-0

[Event "1st 4NCL International Open"]
[Site "Telford"]
[Date "2018.11.04"]
[Round "9"]
[White "Ravi, Teja S."]
[Black "Haria, Ravi"]
[Result "1/2-1/2"]
[WhiteElo "2357"]
[BlackElo "2436"]
[Annotator "TA"]
[PlyCount "62"]
[EventDate "2018.10.31"]
[EventType "swiss"]
[EventCountry "GBR"]
[SourceTitle "playchess.com"]
[Source "ChessBase"]
[SourceQuality "1"]

{[%evp 18,62,25,20,29,27,37,8,36,13,23,10,23,21,20,25,20,22,36,18,17,22,16,-12,-14,-7,-12,-25,0,0,0,0,6,-4,-6,-12,0,-4,0,-8,0,0,0,0,0,0,-7]} 1. d4 e6 2. Nf3 Nf6 3. Bf4 c5 4. c3 Be7 5. h3 b6 6. e3 Bb7 7. Nbd2 cxd4 {A47: 1 d4 Nf6 2 Nf3 b6: Torre, London and Colle Systems} (7... O-O 8. Bd3 d6 9. O-O Nc6 10. Bh2 Re8 11. a3 Bf8 12. Qe2 g6 13. Rfd1 a6 14. e4 d5 15. e5 Nd7 16. Bf4 b5 17. Qe3 Rc8 {0-1 (48) Grachev,B (2645)-Fedoseev,V (2733) Sochi 2017}) 8. cxd4 O-O 9. Bd3 d6 10. O-O {LiveBook: 11 Games} Re8 11. Qe2 a6 12. Bh2 Nbd7 13. Rfd1 $146 ({Predecessor:} 13. Rfc1 b5 14. a4 bxa4 15. Rxa4 {½-½ (75) Summerscale,A (2395)-Abrahamyan,T (2332) chess.com INT 2018}) 13... Nf8 14. Ng5 Nd5 15. Nge4 Nb4 16. Bb1 b5 17. Nc3 Qb6 18. a3 Nd5 19. Nxd5 Bxd5 20. Be4 Bxe4 21. Nxe4 d5 22. Nd2 Rac8 23. Rdc1 {The position is equal.} Nd7 24. Qd1 a5 25. Rxc8 Rxc8 26. Rc1 Rc6 27. Rc2 a4 28. Qc1 Rxc2 29. Qxc2 Qb7 30. Qc7 Qxc7 31. Bxc7 b4 {Precision: White = 63%, Black = 40%.} 1/2-1/2

[Event "1st 4NCL International Open"]
[Site "Telford"]
[Date "2018.11.04"]
[Round "9"]
[White "Britton, Richard L"]
[Black "Munshi, Aditya"]
[Result "1-0"]
[WhiteElo "2204"]
[BlackElo "2117"]
[Annotator "TA"]
[PlyCount "55"]
[EventDate "2018.10.31"]
[EventType "swiss"]
[EventCountry "GBR"]
[SourceTitle "playchess.com"]
[Source "ChessBase"]
[SourceQuality "1"]

{[%evp 20,55,-27,-36,-16,-38,-39,-35,16,16,12,17,19,8,16,18,21,0,0,-75,-23,-20,-22,-31,-7,-8,0,0,17,18,122,29,93,83,181,117,29991,29992]} 1. e4 c6 2. d3 d5 3. Nd2 e5 4. Ngf3 Bd6 5. g3 Nf6 6. Bg2 O-O 7. O-O Re8 8. b3 a5 {B10: Caro-Kann: 2 d3 and 2 c4} 9. a4 Na6 10. Bb2 Nb4 11. Re1 {LiveBook: 3 Games} Qc7 12. d4 $146 ({Predecessor:} 12. h3 dxe4 13. dxe4 b5 14. Nf1 Bc5 15. Qe2 Ba6 16. axb5 cxb5 {1-0 (93) Adams,M (2708)-Dreev,A (2679) Las Vegas 1999}) 12... Bg4 13. h3 dxe4 (13... Bxf3 $1 $15 14. Bxf3 exd4 15. Bxd4 Be5 16. Bxe5 Rxe5) 14. Nxe4 $11 Nxe4 15. hxg4 Nxf2 $1 16. Kxf2 {[%cal Rd4e5]} e4 17. Ne5 $1 f6 18. Rxe4 (18. Bxe4 {is more complex.} fxe5 19. Kg2 Rad8 20. Qf3 exd4 21. Bxd4 Be5 22. Bxh7+ Kxh7 23. Qf5+) 18... fxe5 19. dxe5 (19. Qe2 $11 {keeps the balance.}) 19... Bxe5 (19... Bc5+ $17 20. Kf1 Nd5) 20. Bxe5 Rxe5 21. Qd4 Rxe4 22. Bxe4 Rf8+ 23. Kg2 Qf7 24. Rd1 Na6 (24... g6 $11 {remains equal.}) 25. Kh3 (25. Bd3 $1 $16 {[%cal Rd3c4] And now Bc4 would win.} Qf3+ 26. Kh3) 25... Nc7 {[#]} (25... Qf6 $11) 26. Bd3 $1 $16 {aiming for Qd6.} Kh8 {[#]} (26... Nd5 $16 {was worth a try.}) 27. Rf1 (27. Qe4 $1 $18 {[%csl Gd3][%cal Re4h7]} Qg8 28. Bc4) 27... Qe7 $2 {[%mdl 8192]} (27... Qg8 $16) 28. Qe4 {Precision: White = 36%, Black = 23%.} 1-0

[Event "1st 4NCL International Open"]
[Site "Telford"]
[Date "2018.11.04"]
[Round "9"]
[White "Stepanyan, Henrik"]
[Black "White, Stuart A"]
[Result "*"]
[WhiteElo "2158"]
[BlackElo "2113"]
[Annotator "TA"]
[PlyCount "27"]
[EventDate "2018.10.31"]
[EventType "swiss"]
[EventCountry "GBR"]
[SourceTitle "playchess.com"]
[Source "ChessBase"]
[SourceQuality "1"]

{[%evp 8,8,-8]} 1. e4 c6 2. d3 d5 3. Nd2 e5 4. Ngf3 Bd6 {Predecessor:} 5. d4 $146 exd4 6. exd5 Nf6 7. Nc4 Bb4+ 8. Bd2 Bxd2+ 9. Qxd2 cxd5 10. Nce5 O-O 11. O-O-O Nc6 12. Nxc6 bxc6 13. Qxd4 Bg4 14. Bd3 {1-0 (38) Carlsen,M (2832)-So,W (2815) chess.com INT 2017} *

[Event "1st 4NCL International Open"]
[Site "Telford"]
[Date "2018.11.04"]
[Round "9"]
[White "Guha, Chirag"]
[Black "Gibson, Christopher A"]
[Result "1-0"]
[WhiteElo "1887"]
[BlackElo "1924"]
[Annotator "NA"]
[PlyCount "23"]
[EventDate "2018.10.31"]
[EventType "swiss"]
[EventCountry "GBR"]
[SourceTitle "playchess.com"]
[Source "ChessBase"]
[SourceQuality "1"]
[TimeControl "5400+30"]

1. d4 {[%emt 0:02:03]} Nf6 {[%emt 0:00:00]} 2. c4 {[%emt 0:00:40]} g6 {[%emt 0:00:00]} 3. g3 {[%emt 0:00:02]} Bg7 {[%emt 0:00:00]} 4. Bg2 {[%emt 0:02:28]} O-O {[%emt 0:00:00]} 5. Nf3 {[%emt 0:00:03]} d6 {[%emt 0:00:04]} 6. O-O {[%emt 0:00:06]} Nc6 {[%emt 0:00:03]} 7. Nc3 {[%emt 0:00:07]} a6 {[%emt 0:00:07]} 8. d5 {[%emt 0:00:29]} Na5 {[%emt 0:00:15]} 9. Nd2 {[%emt 0:00:08]} c5 {[%emt 0:00:23]} 10. Qc2 {[%emt 0:00:15]} Rb8 {[%emt 0:01:00]} 11. b3 {[%emt 0:00:06]} b5 {[%emt 0:01:44]} 12. Bb2 {[%emt 0:00:28]} 1-0

[Event "1st 4NCL International Open"]
[Site "Telford"]
[Date "2018.11.04"]
[Round "9"]
[White "Jukes, Sam"]
[Black "Ross, Stuart"]
[Result "1-0"]
[WhiteElo "1863"]
[BlackElo "1608"]
[Annotator "NA RC"]
[PlyCount "79"]
[EventDate "2018.10.31"]
[EventType "swiss"]
[EventCountry "GBR"]
[SourceTitle "playchess.com"]
[Source "ChessBase"]
[SourceQuality "1"]
[TimeControl "5400+30"]

1. e4 {[%emt 0:00:00]} c5 {[%emt 0:00:00]} 2. Nf3 {[%emt 0:00:00]} d6 {[%emt 0:00:00]} 3. d4 {[%emt 0:00:00]} cxd4 {[%emt 0:00:00]} 4. Qxd4 {[%emt 0:00:16]} Nc6 {[%emt 0:00:30]} 5. Bb5 {[%emt 0:00:08]} Bd7 {[%emt 0:00:34]} 6. Bxc6 {[%emt 0:00:06]} Bxc6 {[%emt 0:00:44]} 7. Nc3 {[%emt 0:00:16]} Nf6 {[%emt 0:01:21]} 8. Bg5 {[%emt 0:00:36]} e6 {[%emt 0:04:16]} 9. O-O-O {[%emt 0:00:34]} Be7 {[%emt 0:00:39]} 10. Rhe1 {[%emt 0:00:35]} O-O {LiveBook: 723 Games} 11. Kb1 {[%emt 0:00:30]} d5 {B53: Sicilian: 2...d6: Lines with Qxd4} (11... h6 $11 12. Bh4 a6 (12... b5 13. Bxf6 Bxf6 14. Qxd6 Qb6 15. e5 Rfd8 16. Qb4 a5 17. Qf4 Be7 18. Ne4 Bxe4 19. Qxe4 Bc5 20. Rd3 Rxd3 21. cxd3 {½-½ (60) Zhigalko,S (2641)-Saric,I (2669) Riadh 2017})) 12. e5 {[%emt 0:00:30]} Ne8 $146 ({Predecessor:} 12... Nd7 13. h4 h6 14. Bxe7 Qxe7 15. Re3 Qc5 16. Qg4 Nb6 17. Nd4 Kh7 18. f4 Nc4 19. Rg3 {1-0 (48) Nguyen,V (2341)-Tran,L (2005) Ho Chi Minh City 2014}) 13. Qg4 {[%emt 0:00:30]} Bxg5 14. Nxg5 {[%emt 0:00:30]} h6 15. h4 {[%emt 0:00:30]} Qe7 16. Rh1 {[%emt 0:00:30]} g6 (16... Nc7 $11) 17. Qh3 {[%emt 0:00:30]} Kg7 18. f4 {[%emt 0:00:30]} Rh8 19. Nf3 {[%emt 0:00:30]} Nc7 (19... h5 $16) 20. g4 {[%emt 0:00:30]} Nb5 21. Nxb5 {[%emt 0:00:30]} Bxb5 22. f5 {[%emt 0:00:30]} exf5 23. gxf5 {[%emt 0:00:30]} gxf5 24. Rhg1+ {[%emt 0:00:30]} Kf8 25. Qxf5 {[%emt 0:00:30]} Bd7 26. Qf4 {[%emt 0:00:30]} Be6 27. Rg6 {[%emt 0:00:30]} Ke8 28. Rxh6 {[%emt 0:00:30]} Kd7 29. Rf6 {[%emt 0:00:30]} Raf8 30. Qa4+ {[%emt 0:00:30]} Kc7 31. Nd4 {[%emt 0:00:30]} (31. Qxa7 $18 {and White stays clearly on top.} Ra8 32. Qf2) 31... Bd7 $2 (31... Kb8 32. Rdf1 Bd7) 32. Qxa7 {[%emt 0:00:30]} Qxe5 $18 (32... Ra8 33. Nb5+ Bxb5 34. Qb6+ Kb8) 33. Rb6 {[%emt 0:00:30]} Rb8 34. Nb5+ {[%emt 0:00:30]} Bxb5 35. Rxb5 {[%emt 0:00:30]} Qe2 36. Rc5+ {[%emt 0:00:30]} Kd7 37. Rcxd5+ {[%emt 0:00:30]} Ke7 38. Qc5+ {[%emt 0:00:30]} Kf6 39. Rf5+ {[%emt 0:00:30]} Kg6 40. Rg1+ {[%emt 0:00:30]} 1-0